Surveying (Record no. 10442)

000 -LEADER
fixed length control field 00518nam a22002057a 4500
001 - CONTROL NUMBER
control field 10442
003 - CONTROL NUMBER IDENTIFIER
control field BD-DhUET
008 - FIXED-LENGTH DATA ELEMENTS--GENERAL INFORMATION
fixed length control field 150207b xxu||||| |||| 00| 0 eng d
040 ## - CATALOGING SOURCE
Original cataloging agency DLC
Transcribing agency DLC
Modifying agency BD-DhUET
082 ## - DEWEY DECIMAL CLASSIFICATION NUMBER
Classification number 526.9
Item number DAV/1953
100 ## - MAIN ENTRY--PERSONAL NAME
Personal name Davis, Raymond E.
245 ## - TITLE STATEMENT
Title Surveying
Remainder of title theory and Practice
250 ## - EDITION STATEMENT
Edition statement 4th ed.
260 ## - PUBLICATION, DISTRIBUTION, ETC. (IMPRINT)
Place of publication, distribution, etc. New York
Name of publisher, distributor, etc. McGraw Hill
Date of publication, distribution, etc. 1953
300 ## - PHYSICAL DESCRIPTION
Extent xxi, 1021 p.
Other physical details ill.
504 ## - BIBLIOGRAPHY, ETC. NOTE
Bibliography, etc Includes bibliographies
650 #0 - SUBJECT ADDED ENTRY--TOPICAL TERM
Topical term or geographic name as entry element Surveying
700 ## - ADDED ENTRY--PERSONAL NAME
Personal name Foote, Francis S.
942 ## - ADDED ENTRY ELEMENTS (KOHA)
Koha item type General Book
Holdings
Lost status Sublocation or collection (holding branch) Koha normalized classification for sorting Price effective from Koha full call number Date acquired Piece designation (barcode) Shelving location Damaged status Withdrawn status Location (home branch) Koha item type Not for loan Source of classification or shelving scheme Copy number Koha date last seen
 Central Library, BUET526_900000000000000_DAV_19532015-02-07526.9/DAV/19532015-02-074431Circulation section  Central Library, BUETGeneral Book  12015-02-07
 Central Library, BUET526_900000000000000_DAV_19532015-03-28526.9/DAV/19532015-03-2838217Circulation section  Central Library, BUETGeneral Book  22015-03-28
 Central Library, BUET526_900000000000000_DAV_19532015-03-28526.9/DAV/19532015-03-28479Circulation section  Central Library, BUETGeneral Book  32015-03-28
 Central Library, BUET526_900000000000000_DAV_19532015-04-27526.9/DAV/19532015-04-272239Circulation section  Central Library, BUETGeneral Book  42015-04-27
 Central Library, BUET526_900000000000000_DAV_19532015-06-29526.9/DAV/19532015-06-294430Reading section  Central Library, BUETGeneral Book  52015-06-29
 Central Library, BUET526_900000000000000_DAV_19532015-06-30526.9/DAV/19532015-06-302237Reading section  Central Library, BUETGeneral Book  62015-06-30